Về Tiên Điền nhớ Nguyễn Du, Nguyễn Công Trứ, Đặng Tất, Đặng Dung
v.v..
Đã lưu trong:
| Tác giả chính: | |
|---|---|
| Định dạng: | Sách |
| Năm xuất bản: |
H.:
Nxb Hà Nội,
1994.
|
| Chủ đề: | |
| Tags: |
Thêm thẻ
Không có thẻ, Hãy là người đầu tiên gắn thẻ bản ghi này!
|
| LEADER | 00963nam a2200193 4500 | ||
|---|---|---|---|
| 082 | |a 895.92209 |b Đ115D | ||
| 100 | |a Đặng Duy Phúc | ||
| 245 | |a Về Tiên Điền nhớ Nguyễn Du, Nguyễn Công Trứ, Đặng Tất, Đặng Dung |c Đặng Duy Phúc | ||
| 260 | |a H.: |b Nxb Hà Nội, |c 1994. | ||
| 300 | |a 305 tr.; |c 19 cm. | ||
| 520 | |a v.v.. | ||
| 653 | |a Văn học hiện đại | ||
| 653 | |a Việt Nam | ||
| 653 | |a Nghiên cứu văn học | ||
| 942 | |2 ddc |c STK0 | ||
| 999 | |c 3654 |d 3654 | ||
| 952 | |0 0 |1 0 |2 ddc |4 0 |6 895_922090000000000_Đ115D |7 1 |8 800 |9 37501 |a qbu |b qbu |c D5 |d 2014-12-16 |g 17000 |o 895.92209 Đ115D |p 1245.c1 |r 0000-00-00 |w 2014-12-16 |y STK0 | ||
| 952 | |0 0 |1 0 |2 ddc |4 0 |6 895_922090000000000_Đ115D |7 0 |8 800 |9 37502 |a qbu |b qbu |c D5 |d 2014-12-16 |g 17000 |o 895.92209 Đ115D |p 1245.c2 |r 0000-00-00 |w 2014-12-16 |y STK0 | ||
| 952 | |0 0 |1 0 |2 ddc |4 0 |6 895_922090000000000_Đ115D |7 0 |8 800 |9 37503 |a qbu |b qbu |c D5 |d 2014-12-16 |g 17000 |o 895.92209 Đ115D |p 1245.c3 |r 0000-00-00 |w 2014-12-16 |y STK0 | ||